Snooker World Champions - Statistics

General Stats
  • This quiz has been taken 5 times
  • The average score is 41 of 50
Answer Stats
Year Champion % Correct
1982 Alex Higgins
100%
1985 Dennis Taylor
100%
2001 Ronnie O'Sullivan
100%
2004 Ronnie O'Sullivan
100%
2008 Ronnie O'Sullivan
100%
2012 Ronnie O'Sullivan
100%
2013 Ronnie O'Sullivan
100%
2020 Ronnie O'Sullivan
100%
2022 Ronnie O'Sullivan
100%
1990 Stephen Hendry
100%
1992 Stephen Hendry
100%
1993 Stephen Hendry
100%
1994 Stephen Hendry
100%
1995 Stephen Hendry
100%
1996 Stephen Hendry
100%
1981 Steve Davis
100%
1983 Steve Davis
100%
1984 Steve Davis
100%
1987 Steve Davis
100%
1988 Steve Davis
100%
1989 Steve Davis
100%
1980 Cliff Thorburn
80%
1986 Joe Johnson
80%
1998 John Higgins
80%
2007 John Higgins
80%
2009 John Higgins
80%
2011 John Higgins
80%
1991 John Parrott
80%
1977 John Spencer
80%
2019 Judd Trump
80%
2000 Mark Williams
80%
2003 Mark Williams
80%
2018 Mark Williams
80%
1978 Ray Reardon
80%
1999 Stephen Hendry
80%
1979 Terry Griffiths
80%
2006 Graeme Dott
60%
1997 Ken Doherty
60%
2024 Kyren Wilson
60%
2023 Luca Brecel
60%
2014 Mark Selby
60%
2016 Mark Selby
60%
2017 Mark Selby
60%
2021 Mark Selby
60%
2010 Neil Robertson
60%
2002 Peter Ebdon
60%
2005 Shaun Murphy
60%
2015 Stuart Bingham
60%
2026 Wu Yize
60%
2025 Zhao Xintong
60%
No matching quizzes found
Score Distribution
Percent of People with Each Score
Percentile by Number Answered
Your Score History
You have not taken this quiz